| 000 | 00000nam##2200000za#4500 |
| 001 | 9.641651 |
| 003 | CaOODSP |
| 005 | 20210624223323 |
| 007 | cr ||||||||||| |
| 008 | 150407|1996||||xxc|||||o f|0| 0 fre|d |
| 040 | |aCaOODSP|bfre |
| 043 | |an-cn--- |
| 086 | 1 |aE94-239/1996F-PDF |
| 110 | 1 |aCanada.|bAgence canadienne de développement international. |
| 245 | 10|aPolitique du gouvernement canadien pour l'ACDI en matière de droits de la personne, de démocratisation et de bon gouvernement |h[ressource électronique] |
| 246 | 14|aPolitique du gouvernement canadien pour l'ACDI en matière de droits de la personne, de démocratisation et de bon gouvernement (DPDG) |
| 260 | |aOttawa - Ontario : |bAgence canadienne de développement international |c[1996]. |
| 300 | |a26p.|bphotographies |
| 500 | |aLe n° de catalogue (E94-239/1996F) et l'ISBN (0-662-81054-6) imprimés dans cette publication sont incorrects. |
| 590 | |a13-11-Supp|b2013-04-26 |
| 691 | 07|aDroits de la personne|2gcpds |
| 775 | 08|tGovernment of Canada policy for CIDA on human rights, democratization and good governance |w(CaOODSP)9.697618 |
| 776 | 0#|tGovernment of Canada policy for CIDA on human rights, democratization and good governance |w(CaOODSP)9.658467 |
| 776 | 0#|tPolitique du gouvernement canadien pour l'ACDI en matière de droits de la personne, de démocratisation et de bon gouvernement |w(CaOODSP)9.658468 |
| 856 | 40|ahttp://publications.gc.ca|qPDF|s1693 Ko|uhttps://publications.gc.ca/collections/collection_2013/acdi-cida/E94-239-1996-fra.pdf |